Race and culture /

Guardat en:
Dades bibliogràfiques
Autor principal: Leiris, Michel, 1901-
Autor corporatiu: Unesco
Format: Llibre
Idioma:English
Publicat: Paris : Unesco, 1958.
Col·lecció:Race question in modern science
Matèries:
LEADER 00920nam a2200277 a 4500
001 c000338033
003 CARM
005 20000321203253.0
008 801102s1958 fr b i000 0 eng d
019 1 |a 23917232  |z 2278912  |5 LACONCORD2021 
035 |a (OCoLC)332739  |5 LACONCORD2021 
040 |a D2035  |b eng  |c D2035  |d D2035 
082 0 4 |a 305.8  |2 19 
082 0 4 |a 305.8  |2 19 
100 1 |a Leiris, Michel,  |d 1901- 
245 1 0 |a Race and culture /  |c Michael Leiris. 
260 |a Paris :  |b Unesco,  |c 1958. 
300 |a 44 p. ;  |c 21 cm. 
490 0 |a Race question in modern science 
504 |a Bibliography: p. 43-44. 
650 0 |a Race. 
650 0 |a Acculturation. 
710 2 |a Unesco. 
852 8 |b CARM  |h A1:AM07C0  |i A04957  |p 0427048  |f BK 
999 f f |i 504c3d71-7960-5967-b4b9-3cd63d7720e0  |s bd43a71c-1119-53ba-afa2-abebe068080f 
952 f f |p Can circulate  |a CAVAL  |b CAVAL  |c CAVAL  |d CARM 1 Store  |e A04957  |f A1:AM07C0  |h Other scheme  |i book  |m 0427048